Subdivision capitals closest to Blagoevgrad (BG) - Statistics

General Stats
  • This quiz has been taken 9 times
  • The average score is 7 of 20
Answer Stats
Distance (km) Answer % Correct
4 77 Sofija
100%
13 138 Skopje
75%
12 137 Plovdiv
50%
20 174 Prishtina/Priština
50%
17 155 Thessaloníki
50%
19 165 Ferizaj/Uroševac
25%
15 143 Gjilan/Gnjilane
25%
1 44 Kjustendil
25%
8 114 Kumanovo
25%
16 143 Leskovac
25%
18 155 Montana
25%
6 104 Pazardžik
25%
2 65 Pernik
25%
10 133 Pirot
25%
14 141 Smoljan
25%
5 81 Štip
25%
3 75 Strumica
25%
7 114 Veles
25%
11 136 Vraca
25%
9 115 Vranje
25%
No matching quizzes found
Score Distribution
Percent of People with Each Score
Percentile by Number Answered
Your Score History
You have not taken this quiz